000 02434pam a2200421 i 4500
001 2024016556
003 DLC
005 20250416153334.0
008 240415s2025 nyu 000 1 eng
010 _a 2024016556
020 _a9780593816103
_q(hardcover)
020 _z9780593816127
_q(ebook)
035 _a(OCoLC)1430343617
040 _aDLC
_beng
_erda
_cDLC
_dTnLvILS
042 _apcc
042 _an------
050 0 0 _aPS3604.O93646
_bM37 2025
082 0 0 _a813/.6
_223/eng/20240415
092 _afiction
_bDove, Laurie L.
100 1 _aDove, Laurie L.,
_eauthor.
_96540855
245 1 0 _aMask of the Deer Woman /
_cLaurie L. Dove.
264 1 _aNew York :
_bBerkley,
_c[2025]
300 _a325 pages ;
_c24 cm
336 _atext
337 _aunmediated
338 _avolume
520 _a"At rock bottom following her daughter's murder, ex-Chicago detective Carrie Starr has nowhere to go but back to her roots. Starr's father never talked much about the reservation that raised him, but they need a new tribal marshal as much as Starr needs a place to call home. In the last decade, too many young women have disappeared from the rez. Some dead, others just... gone. Now, local college student Chenoa Cloud is missing, and Starr falls into an investigation that leaves her drowning in memories of her daughter-the girl she failed to save. Starr feels lost in this place she thought would welcome her. And when she catches a glimpse of a figure from her father's stories, with the body of a woman and the antlers of a deer, Starr can't shake the feeling that the fearsome spirit is watching her, following her. What she doesn't know is whether Deer Woman is here to guide her or to seek vengeance for the lost daughters that Starr can never bring home."--
650 0 _aPolicewomen
_vFiction.
_95674055
650 0 _aMissing persons
_xInvestigation
_vFiction.
_95679196
650 0 _aIndian reservation police
_vFiction.
_95697062
650 0 _aIndian reservations
_zNorth Aamerica
_vFiction.
_96540856
650 0 _aIndian mythology
_zNorth America
_vFiction.
_96540857
655 7 _aThrillers (Fiction)
_2lcgft
655 7 _aDetective and mystery fiction.
_2lcgft
_95683641
655 7 _aNovels.
_2lcgft
776 0 8 _iOnline version:
_aDove, Laurie L.
_tMask of the Deer Woman
_dNew York : Berkley, 2025
_z9780593816127
_w(DLC) 2024016557
942 _2ddc
_cBOOK
999 _c405595
_d405595